<?xml version="1.0" encoding="UTF-8"?>
<record
    xmlns:xsi="http://www.w3.org/2001/XMLSchema-instance"
    xsi:schemaLocation="http://www.loc.gov/MARC21/slim http://www.loc.gov/standards/marcxml/schema/MARC21slim.xsd"
    xmlns="http://www.loc.gov/MARC21/slim">

  <leader>01047nam a2200277 u 4500</leader>
  <controlfield tag="001">000062251</controlfield>
  <controlfield tag="005">20200120224219.0</controlfield>
  <controlfield tag="008">140716s2008    ck     gr|    000 0 fre d</controlfield>
  <datafield tag="041" ind1="0" ind2=" ">
    <subfield code="a">Nfre</subfield>
  </datafield>
  <datafield tag="043" ind1=" " ind2=" ">
    <subfield code="a">c-k----</subfield>
  </datafield>
  <datafield tag="082" ind1="0" ind2="4">
    <subfield code="a">791.43</subfield>
    <subfield code="b">R65</subfield>
    <subfield code="2">21</subfield>
  </datafield>
  <datafield tag="245" ind1="1" ind2="0">
    <subfield code="a">Roma ciudad abierta /</subfield>
    <subfield code="c">direcci&#xF3;n Roberto Rossellini; gui&#xF3;n Federico Rosellini, Sergio Amidei</subfield>
    <subfield code="h">[pel&#xED;cula]</subfield>
  </datafield>
  <datafield tag="260" ind1=" " ind2=" ">
    <subfield code="a">Bogot&#xE1; :</subfield>
    <subfield code="b">M.S.T.V. Video,</subfield>
    <subfield code="c">[2008].</subfield>
  </datafield>
  <datafield tag="300" ind1=" " ind2=" ">
    <subfield code="a">1 dvd (100 min) :</subfield>
    <subfield code="b">son., col. ;</subfield>
    <subfield code="e">14 cm.</subfield>
  </datafield>
  <datafield tag="490" ind1=" " ind2="0">
    <subfield code="a">Plan audiovisual nacional</subfield>
    <subfield code="v">112</subfield>
  </datafield>
  <datafield tag="500" ind1=" " ind2=" ">
    <subfield code="a">Subtitulada en espa&#xF1;ol</subfield>
  </datafield>
  <datafield tag="534" ind1=" " ind2=" ">
    <subfield code="t">Roma, citt&#xE1; aperta</subfield>
  </datafield>
  <datafield tag="586" ind1=" " ind2=" ">
    <subfield code="a">Mejor pel&#xED;cula extranjera, c&#xED;rculo de cr&#xED;ticos de Nueva York 1946</subfield>
  </datafield>
  <datafield tag="650" ind1="1" ind2="7">
    <subfield code="a">Guerra mundial II</subfield>
    <subfield code="x">Auxilio a los civiles</subfield>
    <subfield code="y">1939-0945</subfield>
    <subfield code="v">Cine</subfield>
    <subfield code="2">LEMB</subfield>
  </datafield>
  <datafield tag="650" ind1="2" ind2="7">
    <subfield code="a">Ideolog&#xED;as pol&#xED;ticas</subfield>
    <subfield code="x">Cine</subfield>
    <subfield code="2">LEMB</subfield>
  </datafield>
  <datafield tag="650" ind1="2" ind2="7">
    <subfield code="a">Relaciones de pareja</subfield>
    <subfield code="x">Cine</subfield>
    <subfield code="2">LEMB</subfield>
  </datafield>
  <datafield tag="650" ind1="2" ind2="7">
    <subfield code="a">Resistencia civil</subfield>
    <subfield code="x">Cine</subfield>
    <subfield code="2">LEMB</subfield>
  </datafield>
  <datafield tag="700" ind1="1" ind2=" ">
    <subfield code="a">Rossellini, Roberto</subfield>
    <subfield code="e">director y guionista</subfield>
  </datafield>
  <datafield tag="700" ind1="1" ind2=" ">
    <subfield code="a">Rosellini, Federico</subfield>
    <subfield code="e">guionista</subfield>
  </datafield>
  <datafield tag="700" ind1="1" ind2=" ">
    <subfield code="a">Amidei, Sergio</subfield>
    <subfield code="e">guionista</subfield>
  </datafield>
  <datafield tag="999" ind1=" " ind2=" ">
    <subfield code="c">8509</subfield>
    <subfield code="d">8509</subfield>
  </datafield>
  <datafield tag="952" ind1=" " ind2=" ">
    <subfield code="0">0</subfield>
    <subfield code="1">0</subfield>
    <subfield code="2">ddc</subfield>
    <subfield code="4">0</subfield>
    <subfield code="7">0</subfield>
    <subfield code="8">MUL</subfield>
    <subfield code="a">BPMOS</subfield>
    <subfield code="b">BPMOS</subfield>
    <subfield code="d">2020-01-20</subfield>
    <subfield code="i">114229</subfield>
    <subfield code="l">1</subfield>
    <subfield code="o">791.43 R65</subfield>
    <subfield code="p">MOS014145</subfield>
    <subfield code="r">2022-02-09</subfield>
    <subfield code="s">2022-02-01</subfield>
    <subfield code="t">dvd.1 ej.1</subfield>
    <subfield code="w">2020-01-20</subfield>
    <subfield code="y">DVD</subfield>
    <subfield code="z">Tres d&#xED;as-Multimedia</subfield>
  </datafield>
</record>
